LEADER 00921nam a2200229 i 4500 001 000000365408 003 CaOOAMICUS 005 20251124160041.0 008 251124s1904 it u000 u ita u 013 $a88153 040 $aSeMil$bita 100 1 $aBrandi, Salvatore Maria,$c.$0(OLS)http://semarc/name/41530 245 13$aIl cadavere umano : $bnote filosofiche e giuridiche /$cSalvatore M. Brandi. 250 $aTerza edizione con ritocchi e giunte 260 $aRoma :$bCiviltà Cattolica,$c1904. 300 $a46 p. ;$c25 cm 650 4$aMorte.$0(OLS)http://semarc/subject/6140 850 $aSeMil 852 $aSeMil$W1$xVenegono$y1$m5C VIII 3/24$j264776$B256238$CSeMilBibl$Z2$F256238 $86 996 $6245$aIl cadavere umano : $bnote filosofiche e giuridiche$9(OLS)http://semarc/title/456980 996 $6260$aRoma :$bCiviltà Cattolica$9(OLS)http://semarc/publisher/31487 LEADER 01381nam a2200289 i 4500 001 000000060406 003 CaOOAMICUS 005 20251022104446.0 008 140502s1982 it u000 u ita u 013 $a31578 020 $a88-7026-443-2 040 $aSeMil$bita 100 1 $aSchleiermacher, Friedrich Daniel Ernst,$d<1768-1834>.$0(OLS)http://semarc/name/10578 245 13$aLa Confessione di Augusta :$bprediche per il 3. centenario della sua presentazione (1530-1830) /$cSchleiermacher ; introduzione e traduzione di Roberto Osculati. 260 $aPadova :$bMessaggero,$c1982. 300 $a293 p. ;$c18 cm. 490 0 $aClassici dello spirito ;$v8. 650 4$aProtestantesimo.$0(OLS)http://semarc/subject/936 650 4$aConfessione Augustana.$0(OLS)http://semarc/subject/9379 700 1 $aOsculati, Roberto,$d<1939- >.$0(OLS)http://semarc/name/927 830 0$aClassici dello spirito ;$v8.$0(OLS)http://semarc/title/22355 850 $aSeMil 852 $aSeMil$W1$xVenegono$y1$m2K I 418$j263662$B26559$CSeMilBibl$Z2$F26562 $81 996 $6020$a88-7026-443-2$9(OLS)http://semarc/number/36472 996 $6245$aLa Confessione di Augusta :$bprediche per il 3. centenario della sua presentazione (1530-1830)$9(OLS)http://semarc/title/94687 996 $6260$aPadova :$bMessaggero$9(OLS)http://semarc/publisher/29786